Zwycięzcy konkursów Pucharu Świata 2010/11 w skokach narciarskich - Statystyki

Ogólne statystyki
  • Ten quiz został rozwiązany 61 razy
  • Średni wynik to 23 z 27
Statystyki odpowiedzi
Data Miejscowość Skocznia Narodowość Zwycięzca % Poprawnych
23.01.2011 Zakopane duża Polska Kamil Stoch
98%
2.02.2011 Klingenthal duża Polska Kamil Stoch
98%
20.03.2011 Planica mamucia Polska Kamil Stoch
98%
21.01.2011 Zakopane duża Polska Adam Małysz
94%
1.01.2011 Garmisch-Partenkirchen duża Szwajcaria Simon Ammann
94%
22.01.2011 Zakopane duża Szwajcaria Simon Ammann
94%
13.03.2011 Lahti duża Szwajcaria Simon Ammann
94%
Austria Gregor Schlierenzauer
90%
13.02.2011 Vikersund mamucia Austria Gregor Schlierenzauer
90%
18.03.2011 Planica mamucia Austria Gregor Schlierenzauer
90%
28.11.2010 Ruka duża Austria Andreas Kofler
88%
19.12.2010 Engelberg duża Austria Andreas Kofler
88%
16.01.2011 Sapporo duża Austria Andreas Kofler
88%
4.12.2010 Lillehammer duża Austria Thomas Morgenstern
88%
5.12.2010 Lillehammer duża Austria Thomas Morgenstern
88%
17.12.2010 Engelberg duża Austria Thomas Morgenstern
88%
18.12.2010 Engelberg duża Austria Thomas Morgenstern
88%
29.12.2010 Oberstdorf duża Austria Thomas Morgenstern
88%
3.01.2011 Innsbruck duża Austria Thomas Morgenstern
88%
9.01.2011 Harrachov mamucia Austria Thomas Morgenstern
88%
15.01.2011 Sapporo duża Niemcy Severin Freund
82%
30.01.2011 Willingen duża Niemcy Severin Freund
82%
8.01.2011 Harrachov mamucia Austria Martin Koch
78%
5.02.2011 Oberstdorf mamucia Austria Martin Koch
78%
6.01.2011 Bischofshofen duża Norwegia Tom Hilde
61%
12.02.2011 Vikersund mamucia Norwegia Johan Remen Evensen
57%
1.12.2010 Kuopio duża Finlandia Ville Larinto
53%
Nie znaleziono quizów pasujących do podanych kryteriów
Rozkład punktacji
Procent ludzi z każdym wynikiem
Percentyl według liczby udzielonych odpowiedzi
Twoja historia wyników
Nie rozwiązałeś tego quizu